Introducción a la termodinámica, teoría cinética de los gases y mecánica estadística

保存先:
書誌詳細
主要な著者: Sears, Francis Weston (著者), D'Alessio, Juan T (著者)
フォーマット: 図書
言語:スペイン語
出版事項: Barcelona Reverté 1976
主題:
タグ: タグ追加
タグなし, このレコードへの初めてのタグを付けませんか!

MARC

LEADER 00000nam a2200000 a 4500
001 UCV4747
003 CL-VaPUC
008 920108e19760000SP |||||||||||||||||spa|d
082 0 4 |a 536.7  |b SEA  |2 21 
100 0 |a Sears, Francis Weston  |e author  |9 298944 
700 0 |a D'Alessio, Juan T  |e author  |9 298945 
245 1 0 |a Introducción a la termodinámica, teoría cinética de los gases y mecánica estadística 
300 |a 378 p 
942 |c BK 
945 |d 19920108 00:00:00 
260 |a Barcelona  |b Reverté  |c 1976 
650 0 |a Termodinámica   |9 259320 
650 7 |a TEORIA CINETICA DE LOS GASES  |2 CL-VaPUC  |9 260954 
650 0 |a Mecánica estadística  |9 261055 
583 |a last modification  |c 19920108 00:00:00  |k Rodrigo Vera 
999 |c 211435  |d 211433 
952 |0 0  |1 0  |4 0  |6 536_700000000000000_SEA_1976  |7 0  |8 A  |9 190764  |a BIBING  |b BIBING  |d 2019-11-14  |i 2584050  |l 2  |o 536.7 SEA 1976  |p 2584050  |r 2025-01-20  |s 2024-11-07  |w 2019-11-14  |y BK  |k TRA 
952 |0 0  |1 0  |4 0  |6 536_700000000000000_SEA_1976  |7 0  |8 A  |9 190766  |a BIBMEC  |b BIBMEC  |d 2019-11-14  |i 1328956  |o 536.7 SEA 1976  |p 1328956  |r 2024-01-19  |w 2019-11-14  |y BK  |k MEC